Impacto del control migratorio mediante visado Schengen sobre la migración latinoamericana hacia España /
Se examina el efecto del requisito migratorio de visado sobre los flujos de latinoamericanos a España. Se argumenta que el flujo de extranjeros no necesariamente ocurre según lo esperado por la política del país de destino y que los requisitos para el visado a determinadas nacionalidades tienen dife...
Gespeichert in:
| 1. Verfasser: | |
|---|---|
| Weitere Verfasser: | , |
| Format: | Text |
| Schlagworte: | |
| Tags: |
Tag hinzufügen
Keine Tags, Fügen Sie den ersten Tag hinzu!
|
MARC
| LEADER | 00000 a a2200000 04500 | ||
|---|---|---|---|
| 001 | 11686 | ||
| 003 | |||
| 040 | |||
| 100 | |a Vono, Daniela | ||
| 245 | |a Impacto del control migratorio mediante visado Schengen sobre la migración latinoamericana hacia España / |c Daniela Vono ; Andreu Domingo ; María Helena Bedoya | ||
| 520 | |a Se examina el efecto del requisito migratorio de visado sobre los flujos de latinoamericanos a España. Se argumenta que el flujo de extranjeros no necesariamente ocurre según lo esperado por la política del país de destino y que los requisitos para el visado a determinadas nacionalidades tienen diferente impacto sobre estos flujos | ||
| 650 | |a MIGRACION INTERNACIONAL | ||
| 650 | |a POLITICA MIGRATORIA | ||
| 650 | |a ESTADISTICAS DE MIGRACION | ||
| 650 | |a LATINOAMERICANOS | ||
| 650 | |a AMERICA LATINA | ||
| 650 | |a ESPAÑA | ||
| 650 | |a ESTADISTICAS DE MIGRACION | ||
| 700 | |a Domingo, Andreu | ||
| 700 | |a Bedoya, María Helena | ||
| 773 | |g volumen 14, número 58; páginas 97-126 | ||
| 999 | |c 39805 |d 39805 | ||
